Kiepsko narysowane flagi #2 - Statystyki

Ogólne statystyki
  • Ten quiz został rozwiązany 6 319 razy
  • Średni wynik to 12 z 16
Statystyki odpowiedzi
Obrazkowy Odpowiedź % Poprawnych
Niemcy
100%
Bośnia i Hercegowina
95%
Iran
94%
Algieria
90%
Filipiny
86%
Mongolia
81%
Haiti
80%
Republika Środkowoafrykańska
68%
Bahamy
66%
Burundi
66%
Lesotho
66%
Erytrea
61%
Tonga
61%
Komory
59%
Nauru
59%
Wyspy Salomona
42%
Nie znaleziono quizów pasujących do podanych kryteriów
Rozkład punktacji
Procent ludzi z każdym wynikiem
Percentyl według liczby udzielonych odpowiedzi
Twoja historia wyników
Nie rozwiązałeś tego quizu